01574nam a2200313 i 450000100060000000300090000600500170001500700030003200800410003502000180007608000230009424501840011725000960030126001370039730000300053450001730056450501030073753400750084065000510091565500250096670000340099170000430102570000450106871000270111371000450114074000150118574000290120085200310122917714ES-MaACL20240613163738.0t|010509s1999 sp ||||1| spa d a84-7719-776-8 a615.322(035.3)"14"00aHortus sanitatis, De herbis (1) b: = (El jardín de la salud, Las hierbas (1) / cpresentación Antonio Viñayo González ; traducción Hipólito Benjamín Riesco Alvarez. aEdición facsímil del ejemplar rarísimo de la Real Colegiata de San Isidoro de León. aLeón : bUniversidad de León, Secretariado de Publicaciones : bCátedra de San Isidoro de la Real Colegiata de León, c1999. a261 p. : bil. ; c30 cm. aTit. orig. completo del ejemp. isidoriano: Hortus sanitatis, sive Tractatus herbarum, lapidum, animalium et caeterarum creaturarum, etiam describentes ipsarum virtutem.0 aContiene el capítulo 1 de dicha obra, que también se conoce con el tít.: Tractatus de herbis pReprod. facs. de la ed. de: c-- Estrasburgo : Juan Pruess, [ca. 1497]14aPlantas medicinales-vObras anteriores a 1800. 72tgfbneaFacsímiles1 aViñayo González, Antonio.1 aMartínez Rodríguez, José Manuel.1 aRiesco Álvarez, Hipólito-Benjamín.2 aUniversidad de León.2 aReal Colegiata de San Isidoro de León.0 aDe herbis.3 aEl jardín de la salud. aES-MaACLjA-272 bR.130107